Programmed math
Shranjeno v:
| Glavni avtor: | |
|---|---|
| Format: | Knjiga |
| Jezik: | angleščina |
| Izdano: |
Saint Louis
Sullivan Associates Program
1969
|
| Teme: | |
| Oznake: |
Označite
Brez oznak, prvi označite!
|
MARC
| LEADER | 00000nam a2200000 a 4500 | ||
|---|---|---|---|
| 001 | UCW1624 | ||
| 003 | CL-VaPUC | ||
| 008 | 920818e19690000US |||||||||||||||||eng|d | ||
| 082 | 0 | 4 | |a 510.77 |b SUL |2 21 |
| 100 | 0 | |a Sullivan, Marjoire Doyle |e author |9 305659 | |
| 245 | 1 | 0 | |a Programmed math |
| 300 | |a v | ||
| 942 | |c BK | ||
| 945 | |d 19920818 00:00:00 |a mfernand | ||
| 260 | |a Saint Louis |b Sullivan Associates Program |c 1969 | ||
| 650 | 0 | |a Matemática |9 260235 | |
| 650 | 7 | |a ENSEÑANZA PROGRAMADA |2 CL-VaPUC |9 263217 | |
| 583 | |a last modification |c 20140821 04:28:43 |k Rodrigo Vera | ||
| 999 | |c 216490 |d 216488 | ||